Schaum's outline of theory and problems of numerical analysis

Đã lưu trong:
书目详细资料
主要作者: Francis Scheid
格式: 图书
语言:Undetermined
出版: New York McGraw-Hill 1988
主题:
标签: 添加标签
没有标签, 成为第一个标记此记录!
Thư viện lưu trữ: Trung tâm Học liệu Trường Đại học Cần Thơ
LEADER 00541nam a2200193Ia 4500
001 CTU_52185
008 210402s9999 xx 000 0 und d
020 |b 107000 
082 |a 519.4 
082 |b S318 
100 |a Francis Scheid 
245 0 |a Schaum's outline of theory and problems of numerical analysis 
245 0 |c Francis Scheid 
260 |a New York 
260 |b McGraw-Hill 
260 |c 1988 
650 |a numerical analysis 
650 |x problems, exercises, etc. 
980 |a Trung tâm Học liệu Trường Đại học Cần Thơ